000 00374nam a22001457a 4500
082 _a891.439
_bSIR
_cL-28, P-116
100 _aRashid Amjad
_935656
245 _aPakistani adab/
250 _a3rd ed.
260 _aRawalpindi:
_bArmy Education Press
_cc1981
300 _a712p,
_c16cm
526 _a0
_b0
_c0
_d891_439000000000000_SIR
650 _aMCE
_9379
942 _2ddc
_cBK
999 _c549403
_d549403